000 00405nam a2200157Ia 4500
003 GCL
008 140319s9999 xx 000 0 eng d
040 _aGCL /
_cGCL
082 0 4 _aCC
_b932
_bS L
100 1 _aSAUNERON, SERGE
245 1 0 _aL'EGYPTOLOGIE /
_cSAUNERON, SERGE
260 _a[S.N] :
_bPRESSES UNIVERSITAIRES DE FRANCE ،
_c1968
300 _a126 P
650 0 4 _aEGYPTOLOGY
942 _2ddc
_cBK
999 _c20348
_d20348